000
00329nam a22001457a 4500
008
230512b ||||| |||| 00| 0 eng d
020
_a
9780077833169
041
_a
eng
080
_2
SEVENTH EDITION
_a
334
082
_a
334LIB
100
_a
25
101
_a
FINANCA
245
_a
FINANCIAL ACCOUNTING
_c
LIBBY
942
_2
udc
_c
BK
999
_c
59687
_d
59687